<?xml version="1.0" encoding="UTF-8"?><?xml-stylesheet type="text/xsl" href="static/style.xsl"?><OAI-PMH xmlns="http://www.openarchives.org/OAI/2.0/" xmlns:xsi="http://www.w3.org/2001/XMLSchema-instance" xsi:schemaLocation="http://www.openarchives.org/OAI/2.0/ http://www.openarchives.org/OAI/2.0/OAI-PMH.xsd"><responseDate>2026-06-07T15:52:54Z</responseDate><request verb="GetRecord" identifier="oai:docta.ucm.es:20.500.14352/116264" metadataPrefix="marc">https://docta.ucm.es/rest/oai/request</request><GetRecord><record><header><identifier>oai:docta.ucm.es:20.500.14352/116264</identifier><datestamp>2025-03-18T13:09:41Z</datestamp><setSpec>com_20.500.14352_14</setSpec><setSpec>col_20.500.14352_15</setSpec></header><metadata><record xmlns="http://www.loc.gov/MARC21/slim" xmlns:dcterms="http://purl.org/dc/terms/" xmlns:xsi="http://www.w3.org/2001/XMLSchema-instance" xmlns:doc="http://www.lyncode.com/xoai" xsi:schemaLocation="http://www.loc.gov/MARC21/slim http://www.loc.gov/standards/marcxml/schema/MARC21slim.xsd">
   <leader>00925njm 22002777a 4500</leader>
   <datafield ind2=" " ind1=" " tag="042">
      <subfield code="a">dc</subfield>
   </datafield>
   <datafield ind2=" " ind1=" " tag="720">
      <subfield code="a">Sánchez Santos, Nuria</subfield>
      <subfield code="e">author</subfield>
   </datafield>
   <datafield ind2=" " ind1=" " tag="720">
      <subfield code="a">García Cobo, Marta</subfield>
      <subfield code="e">author</subfield>
   </datafield>
   <datafield ind2=" " ind1=" " tag="720">
      <subfield code="a">Shimabukuro, Mauricio</subfield>
      <subfield code="e">author</subfield>
   </datafield>
   <datafield ind2=" " ind1=" " tag="720">
      <subfield code="a">Zeppilli, Daniela</subfield>
      <subfield code="e">author</subfield>
   </datafield>
   <datafield ind2=" " ind1=" " tag="720">
      <subfield code="a">Nomaki, Hidetaka</subfield>
      <subfield code="e">author</subfield>
   </datafield>
   <datafield ind2=" " ind1=" " tag="720">
      <subfield code="a">González Casarrubios, Alberto</subfield>
      <subfield code="e">author</subfield>
   </datafield>
   <datafield ind2=" " ind1=" " tag="260">
      <subfield code="c">2024</subfield>
   </datafield>
   <datafield ind2=" " ind1=" " tag="520">
      <subfield code="a">The knowledge about the deep-sea Kinorhyncha community has increased considerably in recent years. However, the records of kinorhynchs inhabiting hadal depths are still extremely limited. In the present study, we describe a new species of Echinoderes discovered from the South Orkney Trench, Southern Ocean. Echinoderes australis sp. nov. is characterized by the presence of middorsal acicular spines on segments 4-8 and lateroventral ones on segments 6-9, and tubes in lateroventral position on segment 5, in lateral accessory position on segment 8, and in laterodorsal position on segment 10. Additionally, the new species has conspicuous papillary flaps on segments 8-9. Among its morphological characteristics, the increase in length of the middorsal spine of segment 8 and lateroventral spines of segment 9 in relation to those of the previous segments are striking features, showing a whip-like appearance. E. australis sp. nov. Becomes the third hadal species of the phylum. In addition, we provide morphological information on the two other species found in the trench. Finally, we study in detail the diversity and distribution patterns of the Kinorhyncha of the South Orkney Trench, addressing aspects such as species richness, abundance, number of adults versus juveniles and the effect of bathymetry on the community composition.</subfield>
   </datafield>
   <datafield ind1="8" ind2=" " tag="024">
      <subfield code="a">Sánchez, N., García-Cobo, M., Shimabukuro, M., Zeppilli, D., Nomaki, H., &amp; González-Casarrubios, A. (2024). Discovery of a new Kinorhyncha species from the uncharted South Orkney Trench (Southern ocean). Zoologischer Anzeiger, 313, 315-331. https://doi.org/10.1016/j.jcz.2024.10.016</subfield>
   </datafield>
   <datafield ind1="8" ind2=" " tag="024">
      <subfield code="a">0044-5231</subfield>
   </datafield>
   <datafield ind1="8" ind2=" " tag="024">
      <subfield code="a">10.1016/j.jcz.2024.10.016</subfield>
   </datafield>
   <datafield ind1="8" ind2=" " tag="024">
      <subfield code="a">https://hdl.handle.net/20.500.14352/116264</subfield>
   </datafield>
   <datafield ind1="8" ind2=" " tag="024">
      <subfield code="a">1873-2674</subfield>
   </datafield>
   <datafield ind1="8" ind2=" " tag="024">
      <subfield code="a">https://doi.org/10.1016/j.jcz.2024.10.016</subfield>
   </datafield>
   <datafield ind1="8" ind2=" " tag="024">
      <subfield code="a">https://www.sciencedirect.com/science/article/pii/S0044523124001074?via%3Dihub</subfield>
   </datafield>
   <datafield ind2="0" ind1="0" tag="245">
      <subfield code="a">Discovery of a new Kinorhyncha species from the uncharted South Orkney Trench (Southern Ocean)</subfield>
   </datafield>
</record></metadata></record></GetRecord></OAI-PMH>